| 000 | 00911nam a22002177a 4500 | ||
|---|---|---|---|
| 999 |
_c62495 _d62495 |
||
| 003 | Ge_BSU | ||
| 005 | 20241118114325.0 | ||
| 008 | 241118s1960 ge ||||| |||| 00| 0 geo d | ||
| 041 | _ageo | ||
| 080 | _a616-001.28 თ-77 | ||
| 100 |
_aთოფურია, შ. _923722 |
||
| 245 |
_aსხივური დაავადება / _cშ. თოფურია, ე. სემენსკაია, ე. წვერავა. |
||
| 264 |
_aთბ. : _bსაბჭ. საქართველო, _c1960. |
||
| 300 |
_a127 გვ. ; _b 20 სმ. |
||
| 490 | _aექიმის ბიბლიოთეკა | ||
| 653 | _aსხივური დაავადება | ||
| 653 | _aმედიცინა | ||
| 700 |
_aსემენსკაია, ე. _eავტორი _923723 |
||
| 700 |
_a წვერავა, ე. _eავტორი _923724 |
||
| 942 |
_2udc _cᲬᲘᲒᲜᲘ |
||